| 000 | 00765nam a2200229 a 4500 | ||
|---|---|---|---|
| 001 | 000004517 | ||
| 005 | 20251107110522.0 | ||
| 008 | 090723s2006 cr 001 0 spa d | ||
| 020 | _a9977952264 | ||
| 040 |
_aDO-SdBNP _bspa _cBNPHU |
||
| 082 |
_a372.4 _bU26u |
||
| 100 | 1 |
_aUgalde, Evelyn _913201 |
|
| 245 | 1 | 0 |
_aUna estrategia de animación a la lectura para cada día / _cEvelyn Ugalde, Kattia Muñoz. |
| 260 |
_aSan José, Costa Rica : _bAtabal, _c2006. |
||
| 300 |
_a120 p. ; _c21 cm. _g(reimpresión, 2008) |
||
| 500 | _aLa biblioteca posee la 2a. reimpresión del 2008 | ||
| 500 | _aBibliográfica : p. 120 | ||
| 650 | 4 |
_aLectura _9408 |
|
| 650 | 0 |
_aLibros y lectura _91512 |
|
| 700 | 1 | 2 |
_aMuñoz, Kattia _913202 |
| 910 | _aValidado. Control de calidad. MFF | ||
| 999 |
_c4326 _d4326 |
||